Vista normal
Vista MARC
Entrada Personal Name
Número de registros utilizados en: 1
001 - CONTROL NUMBER
- control field: 16307
003 - CONTROL NUMBER IDENTIFIER
- control field: DLC
005 - DATE AND TIME OF LATEST TRANSACTION
- control field: 20241009140954.0
008 - FIXED-LENGTH DATA ELEMENTS
- fixed length control field: 230831n| azannaabn |a aaa
010 ## - LIBRARY OF CONGRESS CONTROL NUMBER
- LC control number: n 2023183379
024 7# - OTHER STANDARD IDENTIFIER
- Standard number or code: 0000-0001-7325-8473
- Source of number or code: orcid
035 ## - SYSTEM CONTROL NUMBER
- System control number: (DNLM)9818664486206676
040 ## - CATALOGING SOURCE
- Original cataloging agency: DNLM
- Language of cataloging: spa
- Description conventions: rda
- Transcribing agency: Mx-PuUPA
- Modifying agency: Mx-PuUPA
100 1# - HEADING--PERSONAL NAME
- Personal name: Rubio Muñoz, Juan José,
373 ## - ASSOCIATED GROUP
- Associated group: Departamento de Medicina, Facultad de Medicina
- Associated group: Universidad Autónoma de Madrid
- Associated group: Hospital Universitario Puerta de Hierro Majadahonda, Madrid
374 ## - OCCUPATION
- Occupation: Autor
- Occupation: Profesor
375 ## - GENDER
- Gender: hombre
377 ## - ASSOCIATED LANGUAGE
- Language code: spa
400 1# - SEE FROM TRACING--PERSONAL NAME
- Personal name: Muñoz, Juan José Rubio
400 1# - SEE FROM TRACING--PERSONAL NAME
- Personal name: Rubio, Juan José
400 1# - SEE FROM TRACING--PERSONAL NAME
- Personal name: Rubio Muñoz, J. J.
- Fuller form of name: (Juan José)
670 ## - SOURCE DATA FOUND
- Source citation: Donación en asistolia controlada, 2023:
- Information found: title page (Juan José Rubio Muñoz, Exprofesor Asociado, Departamento de Medicina, Facultad de Medicina, Universidad Autónoma de Madrid. Exjefe de Servicio de Medicina Intensiva, excoordinador de Trasplantes, Hospital Universitario Puerta de Hierro Majadahonda, Madrid) cover (J.J. Rubio Muñoz)
670 ## - SOURCE DATA FOUND
- Source citation: ORCID web site, Aug. 30, 2023
- Information found: (Juan José Rubio, Hospital Universitario Puerta del Hierro Majadahonda, Majadahonda, Madrid, ES)
- Uniform Resource Identifier: https://orcid.org/0000-0001-7325-8473